[Event "Sielpia op"]
[Site "Sielpia"]
[Date "2010.08.11"]
[Round "8"]
[White "Nowak, Lukasz"]
[Black "Wach, Bartosz"]
[Result "1-0"]
[WhiteElo "1687"]
[BlackElo "1653"]
[PlyCount "121"]
[EventDate "2010.08.04"]
[EventType "swiss"]
[EventRounds "9"]
[EventCountry "POL"]
[SourceTitle "EXT 2011"]
[Source "ChessBase"]
[SourceDate "2010.11.26"]
[SourceVersion "1"]
[SourceVersionDate "2010.11.26"]
[SourceQuality "1"]

1. e4 Nf6 2. e5 Nd5 3. c4 Nb6 4. d4 d6 5. exd6 cxd6 6. Nc3 g6 7. Be3 Bg7 8. Rc1 0-0 9. b3 Nc6 10. Nf3 Bg4 11. Be2 e5 12. dxe5 dxe5 13. Qxd8 Rfxd8 14. 0-0 Nc8 15. h3 Bf5 16. Nd5 h6 17. Rfd1 Nd6 18. b4 Be4 19. b5 Bxd5 20. Rxd5 Ne7 21. Rd2 Nef5 22. Rcd1 e4 23. Nd4 Nxe3 24. fxe3 Ne8 25. Nb3 Rxd2 26. Rxd2 Nf6 27. c5 Rc8 28. Rc2 Nd5 29. Kf2 Nb4 30. Rd2 Bc3 31. Rd7 b6 32. cxb6 axb6 33. a4 Kf8 34. Rd6 Rb8 35. Nd4 Ke7 36. Nc6+ Nxc6 37. Rxc6 Be5 38. Bc4 Ra8 39. Bb3 Rb8 40. Bd5 Ra8 41. Rxb6 Rxa4 42. Rb7+ Kd6 43. Bxf7 g5 44. Rb6+ Ke7 45. Bd5 Bd6 46. Rb7+ Kf6 47. g4 Rb4 48. b6 Bc5 49. Rf7+ Ke5 50. Rf5+ Kd6 51. b7 Rb2+ 52. Ke1 Bxe3 53. Rf8 Ba7 54. Bxe4 Ke5 55. Bf3 Kd6 56. Ra8 Bf2+ 57. Kf1 Rxb7 58. Bxb7 Bh4 59. Rh8 Ke5 60. Rxh6 Bg3 61. Kg2 1-0

[Event "Sielpia op"]
[Site "Sielpia"]
[Date "2010.08.09"]
[Round "6"]
[White "Guzik, Jolanta"]
[Black "Wach, Bartosz"]
[Result "1/2-1/2"]
[WhiteElo "2112"]
[BlackElo "1653"]
[PlyCount "67"]
[EventDate "2010.08.04"]
[EventType "swiss"]
[EventRounds "9"]
[EventCountry "POL"]
[SourceTitle "EXT 2011"]
[Source "ChessBase"]
[SourceDate "2010.11.26"]
[SourceVersion "1"]
[SourceVersionDate "2010.11.26"]
[SourceQuality "1"]

1. c4 Nf6 2. Nc3 e6 3. d4 d5 4. Nf3 Be7 5. Qc2 0-0 6. Bg5 b6 7. e3 dxc4 8. Bxc4 Bb7 9. Bd3 h6 10. Bh4 Nbd7 11. Rd1 Rc8 12. Qe2 Nd5 13. Bxe7 Qxe7 14. 0-0 Nxc3 15. bxc3 c5 16. e4 cxd4 17. cxd4 Nf6 18. Rfe1 Rc3 19. Bb1 Rfc8 20. Qd2 Qa3 21. Qf4 b5 22. Ne5 R3c7 23. h3 a5 24. Nd3 b4 25. Nc5 Nd7 26. Nxb7 Rxb7 27. e5 Rbc7 28. d5 exd5 29. Rxd5 Nf8 30. Kh2 Rc1 31. Rxc1 Qxc1 32. Qf5 g6 33. Qe4 Rc4 34. Qd3 1/2-1/2

[Event "Sielpia op"]
[Site "Sielpia"]
[Date "2010.08.05"]
[Round "2"]
[White "Wach, Bartosz"]
[Black "Kalinin, Oleg"]
[Result "0-1"]
[WhiteElo "1653"]
[BlackElo "2369"]
[PlyCount "70"]
[EventDate "2010.08.04"]
[EventType "swiss"]
[EventRounds "9"]
[EventCountry "POL"]
[SourceTitle "EXT 2011"]
[Source "ChessBase"]
[SourceDate "2010.11.26"]
[SourceVersion "1"]
[SourceVersionDate "2010.11.26"]
[SourceQuality "1"]

1. Nf3 c5 2. g3 g6 3. d4 cxd4 4. Nxd4 Bg7 5. Bg2 Nc6 6. Nxc6 bxc6 7. c4 Rb8 8. Qc2 Qa5+ 9. Nd2 Nh6 10. 0-0 Nf5 11. Nb3 Qa4 12. Bd2 0-0 13. Rfc1 d5 14. cxd5 cxd5 15. e3 Be6 16. Bc3 Rfc8 17. Qd2 Bxc3 18. Rxc3 Rxc3 19. Qxc3 Qb4 20. Qxb4 Rxb4 21. Rd1 d4 22. Nxd4 Nxd4 23. Rxd4 Rxb2 24. Rd1 Bxa2 25. Bf1 Rb7 26. Ra1 Rb2 27. Rc1 a5 28. Bc4 Bb1 29. Rc3 Be4 30. Bd3 Bf3 31. Rc1 a4 32. Ra1 Rd2 33. Bc4 Rd1+ 34. Rxd1 Bxd1 35. Ba2 Bb3 0-1

[Event "POL-chT Region"]
[Site "Swietokrzyskie"]
[Date "2010.01.10"]
[Round "4"]
[White "Wach, Bartosz"]
[Black "Szymanowicz, Maksymilian"]
[Result "1/2-1/2"]
[WhiteElo "1653"]
[BlackElo "1586"]
[PlyCount "83"]
[EventDate "2010.01.09"]
[EventType "team-swiss"]
[EventRounds "10"]
[EventCountry "POL"]
[SourceTitle "EXT 2013"]
[Source "ChessBase"]
[SourceDate "2012.11.22"]
[SourceVersion "1"]
[SourceVersionDate "2012.11.22"]
[SourceQuality "1"]

1. Nf3 d5 2. g3 Nf6 3. Bg2 c6 4. d4 e6 5. 0-0 Bd6 6. Bg5 Nbd7 7. Nbd2 h6 8. Bxf6 Nxf6 9. c4 b6 10. Qc2 0-0 11. a3 a5 12. b3 Bb7 13. Rfc1 c5 14. e3 Qe7 15. Qb2 Rfc8 16. cxd5 Bxd5 17. dxc5 Bxc5 18. a4 Qb7 19. Ne1 Bxg2 20. Nxg2 Rc7 21. Nf4 Rac8 22. Nd3 Be7 23. Rxc7 Rxc7 24. Rc1 Nd5 25. Rxc7 Qxc7 26. Nc4 Nb4 27. Nxb4 Bxb4 28. Qd4 Bc5 29. Qe4 Qd8 30. Qc2 Qd5 31. Qd2 Qxd2 32. Nxd2 Kf8 33. Kf1 Ke7 34. Nc4 f6 35. g4 Kd7 36. Ke2 Kc6 37. e4 Bb4 38. Nb2 b5 39. axb5+ Kxb5 40. Nd3 Bd6 41. h3 g5 42. f3 1/2-1/2

[Event "Rewal op 11th"]
[Site "Rewal"]
[Date "2006.08.23"]
[Round "4"]
[White "Wach, Bartosz"]
[Black "Dragun, Kamil"]
[Result "0-1"]
[WhiteElo "1711"]
[BlackElo "1976"]
[PlyCount "76"]
[EventDate "2006.08.21"]
[EventType "swiss"]
[EventRounds "11"]
[EventCountry "POL"]
[SourceTitle "EXT 2010"]
[Source "ChessBase"]
[SourceDate "2010.11.25"]
[SourceVersion "1"]
[SourceVersionDate "2010.11.25"]
[SourceQuality "1"]

1. Nf3 Nf6 2. g3 g6 3. Bg2 Bg7 4. 0-0 0-0 5. d4 d6 6. c4 Nbd7 7. Nc3 e5 8. d5 a5 9. Qc2 Nc5 10. Be3 Nfd7 11. Bxc5 Nxc5 12. e4 f5 13. a3 a4 14. Nd2 f4 15. f3 h5 16. b4 axb3 17. Nxb3 Nxb3 18. Qxb3 Qg5 19. Ne2 b6 20. Rf2 Bd7 21. Raf1 Rf7 22. gxf4 exf4 23. Rd1 h4 24. h3 Bxh3 25. Kh2 Bd7 26. Rg1 h3 27. Bf1 Qh4 28. Ng3 fxg3+ 29. Rxg3 Be5 30. f4 Bxf4 31. Rxf4 Qxf4 32. Bxh3 Bxh3 33. Kxh3 Qf1+ 34. Kh4 Rh7+ 35. Kg4 Rf8 36. Qe3 Qd1+ 37. Rf3 Rxf3 38. Qxf3 Rh4+ 0-1